| 000 | 00725nam a22002657a 4500 | ||
|---|---|---|---|
| 003 | CHAP | ||
| 005 | 20220329134203.0 | ||
| 008 | 971013s r 00010 d | ||
| 010 | _a16688 | ||
| 011 | _a17660 | ||
| 035 | _a21743 | ||
| 040 | _cCHAP | ||
| 090 | _aFolleto 7681 | ||
| 100 | 0 | 0 |
_aHu, Shiu-Ying. _956562 |
| 245 | _aMalva, a herb of high nutritive valve | ||
| 260 |
_a(s.l.) : _b(s.e.), _c(s.a.) |
||
| 300 |
_a(s.p.) _b: ilus. |
||
| 590 |
_aBATCH-UPD _b10 _c20130110 _lUCH01 _h1634 |
||
| 590 |
_aCONVERSION _b10 _c20130109 _lUCH01 _h1310 |
||
| 650 | 1 | 4 |
_aAlimentos _xValor nutritivo. _94298 |
| 650 | 1 | 4 |
_aMalva. _970214 |
| 901 | _aBK | ||
| 942 | _cFOLL | ||
| 949 |
_aFolleto 7681 _bBC _cFOLL _d-50561 _eTS1 _i21743 _si |
||
| 999 |
_c16688 _d16688 |
||